Big Final Fantasy V Quizz - 60 questions - Statistics

General Stats
  • This quiz has been taken 7 times
  • The average score is 40 of 60
Answer Stats
Question Answer % Correct
How many weapons are there in total ? 12
100%
How many of them in total can you learn in the game ? (including the Freelance and excluding the extra from the Advance version of the game) 22
100%
What's the default name of the main protagonist ? Bartz
100%
How does he call his Chocobo friend ? Boko
100%
A fake legendary sword can be obtained inside the warlock's castle just before battling him, how is it called ? Excalipoor
100%
By what name goes the pirates' captain ? Faris
100%
Who do you also find near the meteorite ? Galuf
100%
In the second world, who is the new regular antagonist that you must fight to free your team from the evil warlock's castle and on the Big Bridge soon after ? Gilgamesh
100%
What can your characters learn with the crystal shards that makes them able to change their class ? Jobs
100%
What's the name of the princess you find near a fallen meteorite ? Lenna
100%
How is called the class obtained with the first crystal's shards that specialises in bare-handed combat ? Monk
100%
How is called his final form, appearing after he gets absorbed by the Void ? Neo-Exdeath
100%
Who is she in reality to the other girl in the group ? Sister
100%
How is called the class obtained with the third crystal's shards that allows you to catch or control wild monsters ? Beastmaster
83%
After an earthquake sinks your ship in Crescent, what kind of transport do you use to leave the island ? Black Chocobo
83%
What's the name of the inventor you meet in the castle's jail ? Cid
83%
What's the name of the evil warlock and main antagonist of this game, who was sealed in this world and now freed by the shattering of the 4 crystals ? Exdeath
83%
What's the name of the old man's granddaughter that comes to help you against the villain above ? Krile
83%
What's the name of the inventor's grandson ? Mid
83%
Which summon can be obtained by passing through this cave later in the game ? Odin
83%
How is called the class obtained with the fourth crystal's shards that allows you to throw gils at the enemies to damage them ? Samurai
83%
What's her real name ? Sarissa
83%
How is called the sea creature and friend of the captain that drags the pirate ship, making it able to sail without any wind ? Syldra
83%
What kind of animal is the sage ? Turtle
83%
What does the villain want to control in order to become supreme ? Void
83%
How many other tablets must you gather in order to collect all the legendary weapons ? 3
67%
Of which citadel is the old man in your team the king of ? Bal
67%
How is the ultimate black magic spell called ? Flare
67%
How is the ultimate white magic spell called ? Holy
67%
Which summon can be obtained there ? Ifrit
67%
How is called the class obtained with the second crystal's shards that allows you to use the Spellblade ability ? Mystic Knight
67%
In the interdimensional rift's waterfalls section, you pass across an extremely strong robot-like optional boss, how is it called ? Omega
67%
Through what kind of "fire-powered" structure must you go to access the third crystal ? Ship
67%
Which summon can be obtained in this kingdom's castle ? Shiva
67%
What form takes the main villain in the first part of the final battle ? Tree
67%
From which kingdom is she the princess ? Tycoon
67%
What's the name of Surgate's King and former member of the previously mentionned group of 4 fighters ? Xezat
67%
What material do the two inventors need to upgrade the airship so it can reach the location above ? Adamantite
50%
Which monster kills the rift creature guarding the tablet in Istory falls ? He joins you as a summon when you beat him. Leviathan
50%
Where do you find a way to teleport to the destination above ? Meteorite
50%
What emblematic creature do you find in a forest after being wiped out by the castle's barrier ? Mog
50%
When jumping from the top of a tower, the wounded wind drake we met at the beginning of the game transforms into something. What is it ? Phoenix
50%
Where can the last crystal be found ? Ronka Ruins
50%
The friendly and regular antagonist banished in the rift by the evil warlock uses a move to kill the Necrophobe, sacrificing himself. How was this move called ? Self-Destruct
50%
What's the name of another very strong optional boss you can find in the final part of the interdimensional rift ? Shinryu
50%
From which group of 4 fighters that sealed Exdeath years before was he part of ? Warriors of Dawn
50%
What is the boss you need to defeat in order to break the barrier of the warlock's castle ? Atomos
33%
What do you fight when going inside the Guardian Tree ? (4 of them) Crystals
33%
What's the name of the protagonist's father ? Dorgann
33%
These weapons were originally used a thousand years ago to defeat another evil warlock, who's also a fighteable boss in the post game content on the GBA version. How is he called ? Enuo
33%
How is called the sage whose cave got sunk by the villain ? Ghido
33%
In the Drakenvale, which monster joins you as a summon if you kill the two monsters attacking him ? Golem
33%
How is called the princess' wind drake found in the mountains ? Hiryu
33%
In which kingdom is kept the third crystal ? Karnak
33%
To beat him you need to gather tablets to unlock flegendary weapons sealed in a castle. How is it called ? Kuza
33%
Where do you meet him ? Library of the Ancients
33%
After you obtain the first tablet, in front of the guardian tree, one of your character is possessed by an evil creature from the interdimensional rift, awaken by the main villain. How is this creature called ? Melusine
33%
In what optional cave can you find the monster called Skulleater ? Jachol Cave
17%
How is called that weird village, drifting between the void and dimensions ? Phantom Village
17%
What's the name of the kingdom where the second crystal is kept in a tower ? Wolse
17%
No matching quizzes found
Score Distribution
Percent of People with Each Score
Percentile by Number Answered
Your Score History
You have not taken this quiz